000 00606nam a2200181Ia 4500
008 151202s9999||||xx |||||||||||||| ||und||
082 _bPNVM-61655
100 _aचेस जे. हॅ.अनु भट अविनाश.
245 _aट्रॅप.
260 _b"पुष्प प्रकाशन, पुणे."
260 _c61655
300 _a225
600 _aचेस जे. हॅ.अनु भट अविनाश.
630 _aट्रॅप.
700 _aचेस जे. हॅ.अनु भट अविनाश.
730 _aट्रॅप.
942 _cBOOK
999 _c1328189
_d1328186